01341nam a22003017a 4500003000400000005001700004008004100021020001800062040007300080050002400153245015300177250001800330260003800348300002800386490001900414501003000433504004100463505022200504546002100726650002700747650004300774650003200817650003900849700004100888700003700929700003400966700003901000OSt20220524030253.0220524b ||||| |||| 00| 0 eng d a9786210421675 aCvSU-CCAT Campus Library.bEnglish.cCvSU-CCAT Campus Library.erda. aF LC 4704bC68 2021 aA course module for teaching learners with developmental disabilities /cSheena Jade G. Manuel [and three others]; Greg Tabios Pawilen, coordinator. a2021 edition. aManila :bRex Book Store,cc2021. avi, 228 pages ;c26 cm. a(TEACH series) aOutcomes-Based Education. aIncludes bibliographical references. aChapter 1 : An overview of the developmental disabilities Chapter 2 : Types of developmental disabilities Chapter 3 : Planning an providing special education services Chapter 4 :Advancing the cause of LDD in education aIn English text. aLearning disabilities. aLearning disabled childrenxEducation. aDevelopmental disbailities. aDevelopmentally disabled children. aBuhat, Tina Amor Villapando, author. aTecson, Armida Roncales, author. aSibayan, Isabelle S., author. aPawilen, Greg Tabios, coordinator.